[Event "Club 608-Neuville en Ferrain"]
[Site "Le Touquet"]
[Date "2008.01.20"]
[Round "6.7"]
[White "Akl, Nabil"]
[Black "Warkentin, Jurgen"]
[Result "1-0"]
[WhiteElo "2141"]
[BlackElo "1939"]
[PlyCount "99"]
[EventDate "2008.01.20"]
[SourceDate "2007.10.24"]

1. Nf3 g6 2. c4 Bg7 3. g3 d6 4. Nc3 Nc6 5. Bg2 e5 6. d3 Bd7 7. Rb1 Qc8 8. Nd5
Nge7 9. Bg5 h6 10. Bf6 Bxf6 11. Nxf6+ Kf8 12. Nxd7+ Qxd7 13. O-O Kg7 14. b4
Rae8 15. b5 Na5 16. Qd2 b6 17. c5 dxc5 18. Nxe5 Qd6 19. Qb2 f6 20. Nf3 Nf5 21.
Rfe1 Rd8 22. e4 Nd4 23. e5 Nxf3+ 24. Bxf3 fxe5 25. Rxe5 Qd4 26. Qe2 Rhf8 27.
Re7+ Rf7 28. Rxf7+ Kxf7 29. Re1 Qf6 30. h4 Rd7 31. Bd5+ Kg7 32. Qe8 Qd8 33.
Qe5+ Qf6 34. f4 Qxe5 35. Rxe5 Rd6 36. Kf2 Kf6 37. g4 c6 38. g5+ hxg5 39. hxg5+
Kg7 40. bxc6 Nxc6 41. Bxc6 Rxc6 42. Re7+ Kf8 43. Rxa7 Re6 44. Rb7 Ke8 45. Kf3
Kd8 46. f5 gxf5 47. Kf4 Rd6 48. Ke5 Rxd3 49. g6 Rg3 50. g7 1-0

[Event "Club 608-Neuville en Ferrain"]
[Site "Le Touquet"]
[Date "2008.01.20"]
[Round "6.8"]
[White "Warkentin, Sabine"]
[Black "Mousset Evtouchenko, Nina"]
[Result "1-0"]
[WhiteElo "1765"]
[BlackElo "1835"]
[PlyCount "83"]
[EventDate "2008.01.20"]
[SourceDate "2007.10.24"]

1. d4 Nf6 2. Nc3 d5 3. Bg5 e6 4. e3 Nbd7 5. Nf3 Be7 6. Bd3 O-O 7. O-O c5 8. Re1
h6 9. Bh4 a6 10. a3 b5 11. dxc5 Nxc5 12. Bf1 Bb7 13. Nd4 Rc8 14. Rc1 Qb6 15.
Na2 g5 16. Bg3 Nfe4 17. Qh5 Nxg3 18. hxg3 Kg7 19. Nf3 f6 20. Bd3 Nxd3 21. cxd3
Rc7 22. Rxc7 Qxc7 23. Rc1 Qd7 24. Nh2 f5 25. Nf3 Bf6 26. d4 Qd6 27. b4 Rf7 28.
Rc5 g4 29. Nh4 Bxh4 30. Qxh4 e5 31. Nc1 exd4 32. exd4 Qe6 33. Nd3 Qd6 34. Ne5
Rf6 35. Qh5 Qe7 36. Kf1 Qd8 37. Kg1 Bc8 38. Nc6 Qf8 39. Ne5 Be6 40. Rc7+ Bf7
41. Rxf7+ Rxf7 42. Qg6+ 1-0

[Event "Le Touquet-Arcueil"]
[Site "Le Touquet"]
[Date "2008.01.20"]
[Round "6.1"]
[White "Jonkman, Harmen"]
[Black "Mircescu, Ovidiu"]
[Result "1-0"]
[WhiteElo "2433"]
[BlackElo "2148"]
[PlyCount "81"]
[EventDate "2008.01.20"]
[SourceDate "2007.10.24"]

1. e4 e5 2. Bc4 Nf6 3. d3 c6 4. Nf3 d5 5. Bb3 Bd6 6. Nc3 dxe4 7. Nxe4 Nxe4 8.
dxe4 Bb4+ 9. Nd2 Qg5 10. Qf3 Qg6 11. c3 Bd6 12. Nc4 Bc7 13. h4 Bg4 14. h5 Bxf3
15. hxg6 Bxe4 16. gxf7+ Kf8 17. O-O Bd5 18. f4 exf4 19. Bxf4 Bxf4 20. Rxf4 Nd7
21. Nd6 Ke7 22. Ne8 Nf6 23. Nxg7 Bxb3 24. axb3 Rhf8 25. Nf5+ Kxf7 26. Nd6+ Kg6
27. Nxb7 Rfe8 28. Raf1 Nd5 29. Rg4+ Kh5 30. Rg7 Kh6 31. Rff7 Re2 32. Nd6 Ne3
33. Rxh7+ Kg6 34. Rfg7+ Kf6 35. Ne4+ Ke5 36. Re7+ Kf4 37. g3+ Kf3 38. Rhf7+ Kg4
39. Rf4+ Kh5 40. g4+ Nxg4 41. Ng3+ 1-0

[Event "Le Touquet-Arcueil"]
[Site "Le Touquet"]
[Date "2008.01.20"]
[Round "6.2"]
[White "Freitas, Jean Paul"]
[Black "Roeder, Mathias"]
[Result "0-1"]
[WhiteElo "1983"]
[BlackElo "2461"]
[PlyCount "80"]
[EventDate "2008.01.20"]
[SourceDate "2007.10.24"]

1. e4 c5 2. Nf3 d6 3. d4 cxd4 4. Nxd4 Nf6 5. Nc3 a6 6. Bg5 e6 7. f4 Qb6 8. Qd2
Qxb2 9. Rb1 Qa3 10. f5 Nc6 11. fxe6 fxe6 12. Nxc6 bxc6 13. e5 dxe5 14. Bxf6
gxf6 15. Be2 Qd6 16. Bh5+ Ke7 17. Qe3 Qd4 18. Qxd4 exd4 19. Ne2 e5 20. O-O Bh6
21. Ng3 Bf4 22. Rxf4 exf4 23. Ne2 Rd8 24. Nxf4 Bf5 25. Re1+ Kd6 26. Nd3 Bg6 27.
Bf3 Re8 28. Rd1 Rab8 29. h4 c5 30. h5 Bxd3 31. cxd3 Rb2 32. a4 Reb8 33. Kh2 Rb1
34. Rxb1 Rxb1 35. Be4 h6 36. Bg6 Rb3 37. Kg1 Ra3 38. Kf2 Rxa4 39. Bf7 Rb4 40.
g4 Ke5 0-1

[Event "Le Touquet-Arcueil"]
[Site "Le Touquet"]
[Date "2008.01.20"]
[Round "6.3"]
[White "D'Costa, Lorin"]
[Black "Zeller, Olivier"]
[Result "1-0"]
[WhiteElo "2406"]
[BlackElo "2010"]
[PlyCount "55"]
[EventDate "2008.01.20"]
[SourceDate "2007.10.24"]

1. e4 d6 2. d4 Nf6 3. Nc3 g6 4. Be3 Bg7 5. Qd2 c6 6. f3 b5 7. h4 Qa5 8. Nh3
Nbd7 9. a3 a6 10. Nf2 Bb7 11. g4 O-O-O 12. h5 Rhe8 13. Nd3 e5 14. dxe5 Nxe5 15.
Nxe5 dxe5 16. Qf2 Rd4 17. h6 Bh8 18. Bh3 b4 19. g5+ Nd7 20. Na2 b3+ 21. Nc3
bxc2 22. O-O Qd8 23. Qxc2 Kb8 24. Na4 f5 25. exf5 gxf5 26. Bxf5 Rf4 27. Bxd7
Qxg5+ 28. Qg2 1-0

[Event "Le Touquet-Arcueil"]
[Site "Le Touquet"]
[Date "2008.01.20"]
[Round "6.4"]
[White "Cheron, Stephane"]
[Black "Therkildsen, Thomas"]
[Result "0-1"]
[WhiteElo "2001"]
[BlackElo "2322"]
[PlyCount "52"]
[EventDate "2008.01.20"]
[SourceDate "2007.10.24"]

1. e4 Nf6 2. Nc3 d5 3. exd5 Nxd5 4. Qf3 c6 5. Bc4 Be6 6. a3 Nc7 7. Bxe6 Nxe6 8.
Nge2 g6 9. d3 Bg7 10. Bd2 Nd7 11. O-O O-O 12. Rae1 Ne5 13. Qh3 Nc4 14. Bc1 Nd6
15. Nd1 Nf5 16. Ne3 Nfd4 17. Nxd4 Nxd4 18. Qg4 f5 19. Qd1 f4 20. c3 fxe3 21.
cxd4 exf2+ 22. Rxf2 Rxf2 23. Kxf2 Qxd4+ 24. Ke2 Rf8 25. Qb3+ Kh8 26. Rf1 Qe5+
0-1

[Event "Le Touquet-Arcueil"]
[Site "Le Touquet"]
[Date "2008.01.20"]
[Round "6.5"]
[White "Flament, Frederic"]
[Black "Debehaigne, Benoit"]
[Result "1-0"]
[WhiteElo "2142"]
[BlackElo "1922"]
[PlyCount "81"]
[EventDate "2008.01.20"]
[SourceDate "2007.10.24"]

1. d4 Nf6 2. Nf3 g6 3. Bf4 Bg7 4. e3 d6 5. c4 Nbd7 6. Nc3 c6 7. Be2 O-O 8. O-O
a6 9. b4 Nh5 10. Bg5 h6 11. Bh4 g5 12. Nd2 Nhf6 13. Bg3 e5 14. c5 exd4 15. exd4
dxc5 16. bxc5 Nd5 17. Nxd5 cxd5 18. Qa4 Re8 19. Bd3 Nf8 20. Rae1 Bd7 21. Qb4
Bc6 22. Nf3 Ne6 23. Ne5 h5 24. Nxc6 bxc6 25. Be5 Bxe5 26. Rxe5 Nf4 27. Bc2 Rxe5
28. dxe5 Rb8 29. Qd2 Qf8 30. g3 Ne6 31. Bf5 Qg7 32. Qe3 Rb4 33. Rb1 Rxb1+ 34.
Bxb1 g4 35. Bf5 Ng5 36. e6 fxe6 37. Bxe6+ Kh8 38. Bf5 Nf3+ 39. Kg2 Qe5 40. Qh6+
Kg8 41. Be6+ 1-0

[Event "Le Touquet-Arcueil"]
[Site "Le Touquet"]
[Date "2008.01.20"]
[Round "6.6"]
[White "Scozzesi, Francois"]
[Black "Kieffer, Christian"]
[Result "1/2-1/2"]
[WhiteElo "1903"]
[BlackElo "2185"]
[PlyCount "119"]
[EventDate "2008.01.20"]
[SourceDate "2007.10.24"]

1. e4 Nc6 2. d4 d5 3. e5 f6 4. Bd3 g6 5. exf6 exf6 6. Ne2 Nh6 7. h4 Bf5 8. h5
g5 9. O-O Bg7 10. Re1 O-O 11. f4 g4 12. c3 Qd7 13. Ng3 Bxd3 14. Qxd3 f5 15. Na3
Bf6 16. Be3 Bh4 17. Bf2 Bxg3 18. Bxg3 Nf7 19. Nc2 Nd6 20. Re5 Nxe5 21. dxe5 Ne4
22. Bh4 c5 23. Ne3 d4 24. Nxg4 fxg4 25. Qxe4 dxc3 26. bxc3 Qf7 27. Bf6 Qxh5 28.
Qxb7 Qf7 29. Qe4 Rae8 30. Qd3 c4 31. Qg3 Qg6 32. Rd1 h5 33. Rd6 Rf7 34. Bg5 Re6
35. Rd8+ Rf8 36. Rd7 Rxe5 37. fxe5 Qxg5 38. e6 h4 39. Qe1 g3 40. e7 Re8 41.
Qe6+ Kg7 42. Qe1 Kf7 43. Qf1+ Ke6 44. Qd1 Kf7 45. Qf1+ Kg7 46. Qe1 Qf5 47. Qd1
Kf7 48. Rd5 Qg6 49. Rd6 Qg5 50. Rd5 Qe3+ 51. Kh1 Kxe7 52. Rd7+ Kf6 53. Qd6+ Re6
54. Qf8+ Kg5 55. Rd5+ Re5 56. Qe7+ Kf5 57. Qf7+ Kg4 58. Qg6+ Kf4 59. Qf6+ Kg4
60. Qg6+ 1/2-1/2

[Event "Le Touquet-Arcueil"]
[Site "Le Touquet"]
[Date "2008.01.20"]
[Round "6.7"]
[White "Dehesdin, Wilfried"]
[Black "Cabel Simon, Remi"]
[Result "1-0"]
[WhiteElo "2095"]
[BlackElo "1857"]
[PlyCount "67"]
[EventDate "2008.01.20"]
[SourceDate "2007.10.24"]

1. d4 g6 2. c4 Bg7 3. Nc3 d6 4. e4 Nc6 5. Be3 e5 6. d5 Nce7 7. g4 Nf6 8. Be2 h5
9. g5 Nd7 10. b4 b6 11. Nf3 O-O 12. O-O a5 13. a3 f5 14. gxf6 Nxf6 15. Ng5 Ng4
16. Bxg4 Bxg4 17. f3 Bd7 18. h4 Rf6 19. c5 Bh6 20. Kh2 Qf8 21. Ra2 axb4 22.
axb4 Rxa2+ 23. Nxa2 Nc8 24. c6 Be8 25. Nc3 Ne7 26. Kg2 Rf4 27. Ne6 Qf6 28. Bxf4
exf4 29. Qe1 Bxc6 30. dxc6 Qxe6 31. Nd5 Nxc6 32. Qc3 Ne5 33. Qxc7 Nd7 34. Qxd7
1-0

[Event "Le Touquet-Arcueil"]
[Site "Le Touquet"]
[Date "2008.01.20"]
[Round "6.8"]
[White "Scozzesi, Morgane"]
[Black "Flament, Mamit"]
[Result "1-0"]
[WhiteElo "1009"]
[BlackElo "1499"]
[PlyCount "67"]
[EventDate "2008.01.20"]
[SourceDate "2007.10.24"]

1. g3 d5 2. Bg2 Nf6 3. Nf3 e6 4. O-O Bd6 5. d3 c5 6. Bd2 O-O 7. Nc3 Nc6 8. Bh3
d4 9. Nb1 e5 10. Na3 Bxh3 11. Re1 Qd7 12. Nh4 Ng4 13. f3 Nf6 14. Bg5 Nb4 15. c3
dxc3 16. bxc3 Nbd5 17. c4 Nc3 18. Qd2 Qa4 19. Rec1 Qxa3 20. Rxc3 Qb4 21. e3 Bc7
22. e4 Ba5 23. a3 Qb6 24. Qe1 Bxc3 25. Qxc3 Rad8 26. Qd2 Rd6 27. Qc1 Rfd8 28.
Rb1 Qa6 29. Nf5 Rxd3 30. Bh4 Rxf3 31. Qd1 Rxd1+ 32. Rxd1 g6 33. Bxf6 Rxf5 34.
Rd8# 1-0

[Event "Lille-Neuville en Ferrain"]
[Site "Neuville en Ferrain"]
[Date "2008.02.03"]
[Round "7.1"]
[White "Bouhallel, Rabah"]
[Black "Boudrenghien, Francois"]
[Result "1-0"]
[WhiteElo "2287"]
[BlackElo "2112"]
[PlyCount "37"]
[EventDate "2008.02.03"]
[SourceDate "2007.10.24"]

1. e4 d6 2. d4 Nf6 3. Nc3 e5 4. Nf3 exd4 5. Qxd4 a6 6. Bg5 Be7 7. O-O-O O-O 8.
e5 dxe5 9. Qh4 Qe8 10. Bd3 Nbd7 11. Rhe1 h6 12. Bxh6 gxh6 13. Qxh6 Nc5 14. Qg5+
Kh8 15. Rxe5 Nxd3+ 16. Rxd3 Ng8 17. Qh5+ Kg7 18. Nd4 f5 19. Rg3+ 1-0

[Event "Lille-Neuville en Ferrain"]
[Site "Neuville en Ferrain"]
[Date "2008.02.03"]
[Round "7.2"]
[White "Stevens, Christian"]
[Black "Cappon, John"]
[Result "1/2-1/2"]
[WhiteElo "2135"]
[BlackElo "2215"]
[PlyCount "48"]
[EventDate "2008.02.03"]
[SourceDate "2007.10.24"]

1. e4 c5 2. Nc3 Nc6 3. g3 g6 4. Bg2 Bg7 5. d3 Rb8 6. Be3 b5 7. Qd2 b4 8. Nd1 d6
9. Ne2 Nd4 10. O-O e6 11. Nc1 Ne7 12. c3 bxc3 13. bxc3 Ndc6 14. Bh6 O-O 15.
Bxg7 Kxg7 16. f4 d5 17. e5 Qa5 18. Qf2 Qa3 19. g4 f6 20. exf6+ Rxf6 21. Qe3 Bd7
22. Ne2 Kg8 23. Ng3 Qa4 24. c4 Qa5 1/2-1/2

[Event "Lille-Neuville en Ferrain"]
[Site "Neuville en Ferrain"]
[Date "2008.02.03"]
[Round "7.3"]
[White "Roger, Mehdi"]
[Black "Degraeve, Jean Pierre"]
[Result "1-0"]
[WhiteElo "2199"]
[BlackElo "2151"]
[PlyCount "51"]
[EventDate "2008.02.03"]
[SourceDate "2007.10.24"]

1. e4 c5 2. Nc3 Nc6 3. Nge2 g6 4. d4 cxd4 5. Nxd4 Bg7 6. Be3 a6 7. Nd5 Rb8 8.
Nf5 Qa5+ 9. Bd2 Qa4 10. Nxg7+ Kf8 11. Bd3 Ne5 12. b3 Qc6 13. f4 Nxd3+ 14. cxd3
Kxg7 15. Bc3+ f6 16. Rc1 Qe6 17. O-O b5 18. f5 Qf7 19. Qg4 g5 20. Qxg5+ Kf8 21.
Qf4 d6 22. Qh4 h5 23. Nf4 Rh7 24. Bd2 Bb7 25. Ne6+ Ke8 26. Qf2 1-0

[Event "Lille-Neuville en Ferrain"]
[Site "Neuville en Ferrain"]
[Date "2008.02.03"]
[Round "7.4"]
[White "Depoorter, Enguerran"]
[Black "Julve, Philippe"]
[Result "1/2-1/2"]
[WhiteElo "2208"]
[BlackElo "2237"]
[PlyCount "81"]
[EventDate "2008.02.03"]
[SourceDate "2007.10.24"]

1. e4 g6 2. d4 Bg7 3. Nc3 d6 4. Be3 c6 5. Be2 Qb6 6. Rb1 a5 7. h3 Nf6 8. e5 Nd5
9. Nxd5 cxd5 10. exd6 Qxd6 11. Nf3 O-O 12. O-O Nc6 13. c3 f5 14. g3 f4 15. Bxf4
Rxf4 16. gxf4 Bxh3 17. Ng5 Bxf1 18. Bxf1 Qxf4 19. Ne6 Qf5 20. Qe1 Be5 21. Nc5
b6 22. Nd3 Bd6 23. Qe3 g5 24. Re1 Kf7 25. Bg2 e6 26. c4 Rd8 27. cxd5 exd5 28.
Ne5+ Nxe5 29. Bxd5+ Kg7 30. dxe5 Bc5 31. Qf3 Qxf3 32. Bxf3 Rd2 33. Re2 Rxe2 34.
Bxe2 Bd4 35. b3 Bxe5 36. Kg2 Kf6 37. a4 Bd4 38. f3 h5 39. Ba6 Ke5 40. Bc8 Kf4
41. Bd7 1/2-1/2

[Event "Lille-Neuville en Ferrain"]
[Site "Neuville en Ferrain"]
[Date "2008.02.03"]
[Round "7.5"]
[White "Israel, Gregory"]
[Black "Tupet, Guillaume"]
[Result "1-0"]
[WhiteElo "2143"]
[BlackElo "2051"]
[PlyCount "75"]
[EventDate "2008.02.03"]
[SourceDate "2007.10.24"]

1. d4 c5 2. d5 Nf6 3. Nc3 e6 4. e4 exd5 5. exd5 d6 6. Bb5+ Nbd7 7. a4 Be7 8.
Nf3 O-O 9. O-O Re8 10. h3 a6 11. Bd3 Nf8 12. Re1 Bd7 13. Bf4 Ng6 14. Bh2 Rb8
15. a5 b5 16. axb6 Qxb6 17. Rxa6 Qxb2 18. Qd2 Qb3 19. Raa1 c4 20. Rab1 Qxb1 21.
Nxb1 cxd3 22. Qxd3 Bd8 23. Rxe8+ Nxe8 24. Nbd2 Bb6 25. g4 Bc5 26. Ne4 Rb1+ 27.
Kg2 Nf6 28. Nxc5 dxc5 29. Ne5 Nxe5 30. Bxe5 Ne8 31. c4 Re1 32. Bf4 g6 33. Be3
f5 34. Qc3 Rb1 35. Qe5 fxg4 36. hxg4 Re1 37. Qe7 Ba4 38. Qe6+ 1-0

[Event "Lille-Neuville en Ferrain"]
[Site "Neuville en Ferrain"]
[Date "2008.02.03"]
[Round "7.6"]
[White "Dessenne, Francois"]
[Black "Burgnies, Stephane"]
[Result "0-1"]
[WhiteElo "2082"]
[BlackElo "2157"]
[PlyCount "96"]
[EventDate "2008.02.03"]
[SourceDate "2007.10.24"]

1. e4 e5 2. Nf3 Nc6 3. Bb5 Nf6 4. O-O Bc5 5. Bxc6 dxc6 6. d3 Nd7 7. c3 O-O 8.
Nbd2 Re8 9. b4 Bd6 10. Nc4 Nf8 11. h3 b6 12. a4 Ng6 13. Bg5 f6 14. Be3 Bf8 15.
Qc2 Be6 16. Nb2 Qd7 17. d4 Qf7 18. b5 exd4 19. cxd4 cxb5 20. axb5 Bd7 21. Qd3
c6 22. bxc6 Bxc6 23. Nd2 Rad8 24. f3 Qd7 25. Rfc1 Rc8 26. Qa6 Bb4 27. Qa2+ Kh8
28. Nd3 Bxd2 29. Qxd2 Bb5 30. Nb4 Ne7 31. d5 Ng6 32. Nc6 Bxc6 33. Rxc6 Ne5 34.
Rxc8 Rxc8 35. Qa2 Nc4 36. Bf2 a5 37. Rc1 b5 38. Be1 a4 39. Bb4 Kg8 40. Qf2 Kf7
41. Qd4 Ne5 42. Rxc8 Qxc8 43. Qa7+ Kg6 44. Qe3 Qc4 45. f4 Qxb4 46. Qg3+ Kf7 47.
fxe5 Qd4+ 48. Kh1 Qa1+ 0-1

[Event "Lille-Neuville en Ferrain"]
[Site "Neuville en Ferrain"]
[Date "2008.02.03"]
[Round "7.7"]
[White "Levaux, Christian"]
[Black "Bertrand, Xavier"]
[Result "1/2-1/2"]
[WhiteElo "2113"]
[BlackElo "2104"]
[PlyCount "108"]
[EventDate "2008.02.03"]
[SourceDate "2007.10.24"]

1. Nf3 d5 2. c4 e6 3. g3 c6 4. b3 Nf6 5. Bg2 Nbd7 6. Bb2 Bd6 7. O-O O-O 8. d4
Ne4 9. Nbd2 f5 10. e3 g5 11. Rc1 Qf6 12. Ne1 Nxd2 13. Qxd2 f4 14. exf4 gxf4 15.
Nf3 Qh6 16. g4 Qg6 17. h3 Nf6 18. Ne5 Bxe5 19. dxe5 Ne4 20. Bxe4 dxe4 21. Ba3
Rf7 22. Qd8+ Kg7 23. Be7 h6 24. Rcd1 Kh7 25. Bf6 Qg8 26. Rfe1 Bd7 27. Qxg8+
Rxg8 28. Rxe4 f3 29. Re3 c5 30. Rxf3 Bc6 31. Rfd3 Kg6 32. f4 Re8 33. Kf2 h5 34.
Kg3 hxg4 35. hxg4 Rh7 36. Rd6 Kf7 37. R6d2 Rg8 38. Rd8 Rxd8 39. Rxd8 Rh1 40.
Rd6 a6 41. Bd8 Rg1+ 42. Kh3 Rh1+ 43. Kg3 Rg1+ 44. Kh3 Bf3 45. f5 Bxg4+ 46. Kh2
Ra1 47. Rxe6 Bxf5 48. Re7+ Kg6 49. Rxb7 Rxa2+ 50. Kg3 Be6 51. Kf4 Rf2+ 52. Ke3
Rb2 53. Kf4 Rf2+ 54. Ke3 Rb2 1/2-1/2

[Event "Franconville-Henin Beaumont"]
[Site "Franconville"]
[Date "2008.02.10"]
[Round "7.1"]
[White "Debray, Christopher"]
[Black "Petitcunot, Pierre"]
[Result "0-1"]
[WhiteElo "2362"]
[BlackElo "2389"]
[PlyCount "120"]
[EventDate "2008.02.10"]
[SourceDate "2007.10.24"]

1. e4 g6 2. c4 Bg7 3. Nc3 d6 4. g3 b6 5. Bg2 Bb7 6. d4 e6 7. Nge2 Ne7 8. O-O
O-O 9. Be3 d5 10. exd5 exd5 11. Nf4 Ba6 12. Re1 Bxc4 13. b3 Ba6 14. Nfxd5 Nxd5
15. Nxd5 c6 16. Nb4 Qd6 17. Qd2 Bb7 18. Bf4 Qd7 19. Rad1 Na6 20. d5 Nxb4 21.
Qxb4 c5 22. Qd2 Rfe8 23. Bh6 Bd4 24. Be3 Bxd5 25. Bxd4 Bxg2 26. Rxe8+ Rxe8 27.
Bf6 Qc6 28. Qd8 Bh3 29. f3 Qe6 30. Qxe8+ Qxe8 31. Rd8 Qxd8 32. Bxd8 Kf8 33. Kf2
Ke8 34. Bf6 Kd7 35. Ke3 Ke6 36. Bd8 Kd5 37. a3 Bg2 38. Bf6 Bh3 39. Kd2 Bf1 40.
Ke3 Bb5 41. Kd2 Bc6 42. Kc3 Bd7 43. Kd2 Bf5 44. Kc3 Be6 45. Be7 Bh3 46. Kd3
Bf1+ 47. Ke3 c4 48. bxc4+ Bxc4 49. g4 h5 50. gxh5 gxh5 51. Kf2 Bd3 52. Kg3 Be2
53. f4 b5 54. Kh4 f5 55. Kg3 a5 56. Kf2 Kd4 57. h4 Bg4 58. Bf8 Kc3 59. Ke3 b4
60. Bg7+ Kc2 0-1

[Event "Franconville-Henin Beaumont"]
[Site "Franconville"]
[Date "2008.02.10"]
[Round "7.2"]
[White "Wallart, Adrien"]
[Black "Barthes, Christian"]
[Result "1-0"]
[WhiteElo "2170"]
[BlackElo "2124"]
[PlyCount "107"]
[EventDate "2008.02.10"]
[SourceDate "2007.10.24"]

1. d4 Nf6 2. c4 e6 3. Nc3 Bb4 4. Qc2 O-O 5. a3 Bxc3+ 6. Qxc3 b6 7. Bg5 Bb7 8.
e3 d6 9. Ne2 Nbd7 10. Qc2 c5 11. Nc3 Qe7 12. Bd3 h6 13. Bh4 Rac8 14. O-O cxd4
15. exd4 Ba6 16. Qa4 Nb8 17. Rac1 d5 18. b3 dxc4 19. bxc4 Qd7 20. Nb5 Bxb5 21.
cxb5 Nd5 22. Rxc8 Rxc8 23. Bg3 Nc3 24. Qb4 Nd5 25. Qb2 Qd8 26. Rc1 Nd7 27. h3
N7f6 28. Rc2 Qf8 29. Rc6 Rxc6 30. bxc6 Qc8 31. Qc1 Ne8 32. Qc4 Nec7 33. a4 Qf8
34. Be4 Qd8 35. Bxd5 Nxd5 36. Qa6 Ne7 37. c7 Qa8 38. Bd6 Nc8 39. Bb4 Kh7 40. h4
Kg8 41. Qb5 Kh7 42. Qe8 Kg6 43. h5+ Kh7 44. Qxf7 Qe4 45. Qd7 Qb1+ 46. Kh2 Qxb4
47. Qxc8 Qxd4 48. Qd8 Qf4+ 49. Kh3 Qf5+ 50. Kg3 Qe5+ 51. Kf3 Qc3+ 52. Kg4 Qc4+
53. Kh3 Qc3+ 54. f3 1-0

[Event "Franconville-Henin Beaumont"]
[Site "Franconville"]
[Date "2008.02.10"]
[Round "7.3"]
[White "Jacquet, Francois"]
[Black "Friess, Nicolas"]
[Result "1/2-1/2"]
[WhiteElo "2220"]
[BlackElo "2202"]
[PlyCount "47"]
[EventDate "2008.02.10"]
[SourceDate "2007.10.24"]

1. e4 e6 2. d4 d5 3. Nc3 Nf6 4. Bg5 dxe4 5. Nxe4 Be7 6. Bxf6 gxf6 7. Nf3 a6 8.
g3 b5 9. Bg2 Bb7 10. Qe2 f5 11. Ned2 Nd7 12. O-O O-O 13. Rfe1 c5 14. c3 Bf6 15.
dxc5 Nxc5 16. Rad1 Qd3 17. Nb3 Qxe2 18. Rxe2 Nxb3 19. axb3 Rfd8 20. Red2 Rxd2
21. Rxd2 a5 22. Rd7 Bc6 23. Rc7 Bd5 24. Nd4 1/2-1/2

[Event "Franconville-Henin Beaumont"]
[Site "Franconville"]
[Date "2008.02.10"]
[Round "7.4"]
[White "Fossier, Francois"]
[Black "Moncaubeig, Bruno"]
[Result "1-0"]
[WhiteElo "2245"]
[BlackElo "2136"]
[PlyCount "37"]
[EventDate "2008.02.10"]
[SourceDate "2007.10.24"]

1. d4 Nf6 2. Nf3 g6 3. Nc3 d5 4. Bf4 Bg7 5. e3 Nh5 6. Bg5 c6 7. Be2 Nd7 8. g4
Nhf6 9. Ne5 Ne4 10. Nxe4 dxe4 11. Nc4 Nb6 12. Nd2 Qd5 13. Bf4 e5 14. c4 Qe6 15.
dxe5 Bxe5 16. Bxe5 Qxe5 17. Qc2 O-O 18. O-O-O f5 19. g5 {suite illisible} 1-0

[Event "Franconville-Henin Beaumont"]
[Site "Franconville"]
[Date "2008.02.10"]
[Round "7.5"]
[White "Appendino, Jerome"]
[Black "Rouze, Xavier"]
[Result "1-0"]
[WhiteElo "2182"]
[BlackElo "2060"]
[PlyCount "83"]
[EventDate "2008.02.10"]
[SourceDate "2007.10.24"]

1. e4 e5 2. Nf3 Nc6 3. Bb5 a6 4. Ba4 Nf6 5. O-O b5 6. Bb3 Nxe4 7. d4 d5 8. dxe5
Be6 9. c3 Be7 10. Re1 O-O 11. Nbd2 Nxd2 12. Qxd2 Qd7 13. Bc2 Na5 14. Qd3 g6 15.
Bh6 Rfe8 16. Qd4 c5 17. Qf4 Nc4 18. Rab1 Rab8 19. Bg5 Bxg5 20. Nxg5 h6 21. Nxe6
Qxe6 22. Qxh6 Nxe5 23. f4 Ng4 24. Rxe6 Nxh6 25. Rxa6 Re2 26. Bd1 Re1+ 27. Kf2
Rbe8 28. h3 Nf5 29. g4 Ng7 30. Rd6 Rh1 31. Rxd5 Ree1 32. Rxc5 Rxd1 33. Rxd1
Rxd1 34. Rxb5 Ne6 35. f5 gxf5 36. gxf5 Ng5 37. a4 Nxh3+ 38. Ke3 Re1+ 39. Kd4
Nf4 40. a5 Re7 41. a6 Ra7 42. Ra5 1-0

[Event "Franconville-Henin Beaumont"]
[Site "Franconville"]
[Date "2008.02.10"]
[Round "7.6"]
[White "Van Rompu, Alexandre"]
[Black "Jactel, Nicolas"]
[Result "1-0"]
[WhiteElo "2112"]
[BlackElo "2124"]
[PlyCount "49"]
[EventDate "2008.02.10"]
[SourceDate "2007.10.24"]

1. e4 c5 2. Nf3 d6 3. d4 cxd4 4. Nxd4 Nf6 5. Nc3 g6 6. Be3 Bg7 7. Bc4 Nc6 8. f3
O-O 9. Qd2 Bd7 10. h4 Ne5 11. Bb3 Qa5 12. Bh6 Rfc8 13. Bxg7 Kxg7 14. h5 Nxh5
15. g4 Nf6 16. O-O-O Rxc3 17. bxc3 Rc8 18. Kb2 Qb6 19. Qh6+ Kg8 20. Nf5 Bxf5
21. gxf5 Qa5 22. fxg6 Qxc3+ 23. Kb1 Nxg6 24. f4 Nxe4 25. Qxh7+ 1-0

[Event "Franconville-Henin Beaumont"]
[Site "Franconville"]
[Date "2008.02.10"]
[Round "7.7"]
[White "Le, Remy"]
[Black "Masztalir, Matthieu"]
[Result "0-1"]
[WhiteElo "2069"]
[BlackElo "1987"]
[PlyCount "70"]
[EventDate "2008.02.10"]
[SourceDate "2007.10.24"]

1. e4 c5 2. Nf3 e6 3. d4 cxd4 4. Nxd4 a6 5. c4 Nf6 6. Nc3 Qc7 7. Bd3 d6 8. O-O
Be7 9. Be3 O-O 10. Rc1 Nbd7 11. f4 b6 12. b4 Rd8 13. g4 Ne8 14. Rf3 g6 15. g5
Ng7 16. Qe1 f6 17. Rh3 Nf8 18. Rg3 Nh5 19. Rg2 Bb7 20. gxf6 Bxf6 21. f5 Re8 22.
fxg6 Nxg6 23. Qe2 Ng7 24. Rf1 Be5 25. Nd1 Rf8 26. Nf3 Bf4 27. Bf2 d5 28. h4 Bd6
29. a3 Nf4 30. Qc2 Nxg2 31. Kxg2 Qf7 32. Bg1 Qh5 33. exd5 Qg4+ 34. Kh1 Rxf3 35.
Bxh7+ Kh8 0-1

[Event "Franconville-Henin Beaumont"]
[Site "Franconville"]
[Date "2008.02.10"]
[Round "7.8"]
[White "Petenati, Amandine"]
[Black "Perrusset, Barbara"]
[Result "0-1"]
[WhiteElo "1730"]
[BlackElo "1871"]
[PlyCount "68"]
[EventDate "2008.02.10"]
[SourceDate "2007.10.24"]

1. d4 d5 2. c4 e6 3. Nc3 Nf6 4. Nf3 c6 5. e3 Nbd7 6. Bd3 Be7 7. O-O O-O 8. e4
dxc4 9. Bxc4 b5 10. Bd3 a6 11. a3 c5 12. e5 Ne8 13. Be4 Rb8 14. d5 exd5 15.
Nxd5 Nb6 16. Nxe7+ Qxe7 17. Bf4 Nc7 18. Ng5 h6 19. Qh5 Ne6 20. Nxe6 Qxe6 21.
Rfd1 Qg4 22. Qxg4 Bxg4 23. Rd6 Be6 24. Rad1 a5 25. Rc6 Na4 26. Bc1 c4 27. f4 g6
28. h3 h5 29. Rdd6 Rfc8 30. Kf2 Kg7 31. Kf3 b4 32. g4 hxg4+ 33. hxg4 Nc5 34.
Rxc8 Rxc8 0-1

[Event "Issy les Moulineaux-JEEN"]
[Site "Paris"]
[Date "2008.02.10"]
[Round "7.2"]
[White "Mehaibia, Azzedine"]
[Black "Wittmann, Marc"]
[Result "1/2-1/2"]
[WhiteElo "2196"]
[BlackElo "2253"]
[PlyCount "112"]
[EventDate "2008.02.10"]
[SourceDate "2007.10.24"]

1. e4 e5 2. Nf3 Nf6 3. Nxe5 d6 4. Nf3 Nxe4 5. Nc3 Nxc3 6. dxc3 Be7 7. Be3 Nd7
8. Qd2 Ne5 9. Be2 Be6 10. Nd4 Qd7 11. h3 O-O 12. b3 c5 13. Nf3 Nxf3+ 14. Bxf3
d5 15. O-O Rac8 16. Rad1 Rfd8 17. Bg5 b6 18. Rfe1 Bxg5 19. Qxg5 h6 20. Qh4 Qc7
21. Re2 Rd7 22. Bg4 Bxg4 23. Qxg4 Rcd8 24. Rde1 Qd6 25. Re5 Qg6 26. Qe2 d4 27.
Re8+ Kh7 28. Rxd8 Rxd8 29. Qe7 Rd6 30. cxd4 cxd4 31. Qe4 Rc6 32. Qxg6+ Kxg6 33.
Re2 b5 34. Rd2 Kf6 35. Rxd4 Rxc2 36. Rd6+ Ke5 37. Ra6 Rc1+ 38. Kh2 Rc7 39. Ra5
Rb7 40. a4 Kd4 41. axb5 Kc5 42. Kg3 Kb4 43. Ra1 Kxb5 44. Ra4 a5 45. Kf4 Rc7 46.
f3 Rc3 47. Ra3 Rc2 48. g4 g5+ 49. Kg3 Rc5 50. Ra4 f5 51. gxf5 Rxf5 52. Kg4 Rd5
53. Kh5 Rd3 54. Ra3 Rd6 55. h4 Rd5 56. hxg5 Rxg5+ 1/2-1/2